İnsan ve yaratma edimi (Record no. 1526)

MARC details
000 -BAŞLIK
Sabit Uzunlukta Kontrol Alanı 00873na a2200289 4500
001 - KONTROL NUMARASI
Denetim Alanı 12579
003 - KONTROL NUMARASI IDENTIFIER
Denetim Alanı MIRAKIL
005 - SON İŞLEM TARİHİ VE ZAMANI
Denetim Alanı 20181213154825.0
008 - SABİT-BOY VERİ ELEMANLARI - GENEL BİLGİLER
Sabit Uzunlukta Kontrol Alanı 160809b tu 000 0
020 ## - ULUSLARARASI STANDART KİTAP NUMARASI
Uluslararası Standart Kitap Numarası 9754582440
035 ## - SİSTEM KONTROL NUMARASI
Sistem Kontrol Numarası 12579
040 ## - KATALOGLAMA KAYNAK
Orijinal Kataloglama Ajansı Milas
Kataloglama Dili tur
Metne Dönüştürmek Ajansı TR-AnCHP
082 ## - DEWEY ONLU SINIFLANDIRMA NUMARASI
Sınıflandırma Numarası 128.4
Ürün Numarası V34i 2000
090 ## - SINIFLAMA NUMARASI
Sınıflama Numarası 128.4 V34i 2000
100 ## - ANA GİRİŞ - KİŞİSEL İSİM
Kişisel Ad Velioğlu, Süleyman
245 ## - BAŞLIK TABLOSU
Başlık İnsan ve yaratma edimi
Sorumluluk Tablosu, Vb Süleyman Velioğlu ; Yayına hazırlayan Mürşit Balabanlılar
260 ## - YAYIN, DAĞITIM, VB
Yayın, Dağıtım, Vb Yeri İstanbul
Yayıncı, Dağıtıcı, Vs Adı Türkiye iş bankası kültür yayınları
Yayın, Dağıtım, Vb Tarihi 2000
300 ## - FİZİKSEL TANIM
Kapsam 227 s.
Boyutlar 20 sm.
490 ## - SERİSİ TABLOSU
Seri Beyanı Sosyal ve Felsefi dizi
Hacim / Ardışık Tanımı 54
490 ## - SERİSİ TABLOSU
Seri Beyanı Türkiye İş Bankası Kültür yayınları
Hacim / Ardışık Tanımı 496
500 ## - GENEL NOT
Genel Not Dizin var.
650 ## - KONU KATMA GİRİŞ - TOPİKAL DÖNEM
Topikal Süreli Veya Coğrafi Ad Giriş Elemanı Felsefi antropoloji
650 ## - KONU KATMA GİRİŞ - TOPİKAL DÖNEM
Topikal Süreli Veya Coğrafi Ad Giriş Elemanı İnsan
Genel Alt Bölümü Felsefe
650 ## - KONU KATMA GİRİŞ - TOPİKAL DÖNEM
Topikal Süreli Veya Coğrafi Ad Giriş Elemanı Edim (Felsefe)
700 ## - KATMA GİRİŞ - KİŞİSEL İSİM
Kişisel Ad Balabanlılar, Mürşit
942 ## - EKLENDİ GİRİŞ ELEMANLARI (KOHA)
Sınıflandırma Veya Raf Düzeni Kaynak Dewey Decimal Classification
Koha Öğesi Türü Books
999 ## - SİSTEM KONTROL NUMARALARI (KOHA)
Koha Biblionumber 1526
Koha Biblioitemnumber 1526
Holdings
Kalıcı Konum Mevcut Konum Edinme Tarihi Edinim Kaynak Toplam Check-Out'Lar Tam Çağrı Numarası Barkod Tarih Son Görülme İtibaren Geçerli Fiyatlar Koha Öğesi Türü
CHP Kütüphanesi CHP Kütüphanesi 07/26/2016 Bağış   128.4 V34i 2000 000118 07/26/2016 07/26/2016 Books